Loading...
| History - European | 0 | 9 | 0 | 0 | 90 | 86 | 115.33 | 0 | 3 | 0.00 | 0.00 |
| History - World | 0 | 7 | 0 | 2 | 70 | 94 | 111.29 | 0 | 1 | 0.00 | 0.00 |
| History - American | 0 | 6 | 1 | 1 | 55 | 39 | 96.67 | 0 | 1 | 0.00 | 0.00 |
| Mythology | 0 | 4 | 0 | 0 | 40 | 124 | 134.00 | 0 | 0 | 0.00 | 0.00 |
| History - Other | 0 | 4 | 0 | 1 | 40 | 109 | 126.50 | 1 | 2 | 0.00 | 0.00 |
| Social Science | 0 | 3 | 0 | 0 | 30 | 93 | 109.67 | 0 | 1 | 0.00 | 0.00 |
| Religion | 0 | 2 | 0 | 0 | 20 | 68 | 86.00 | 0 | 1 | 0.00 | 0.00 |
| Other | 0 | 2 | 1 | 0 | 15 | 65 | 104.00 | 0 | 1 | 0.00 | 0.00 |
| Fine Arts - Other | 0 | 1 | 0 | 0 | 10 | 101 | 101.00 | 0 | 1 | 0.00 | 0.00 |
| Science - Other | 0 | 1 | 0 | 0 | 10 | 94 | 94.00 | 0 | 1 | 0.00 | 0.00 |
| Philosophy | 0 | 1 | 1 | 0 | 5 | 70 | 70.00 | 0 | 1 | 0.00 | 0.00 |
| Literature - American | 0 | 0 | 0 | 0 | 0 | 0.00 | 0 | 0 | 0.00 | 0.00 | |
| Fine Arts - Painting & Sculpture | 0 | 0 | 0 | 0 | 0 | 0.00 | 0 | 0 | 0.00 | 0.00 | |
| Literature - World | 0 | 0 | 0 | 0 | 0 | 0.00 | 0 | 0 | 0.00 | 0.00 |